Auf welches Land trifft diese Aussage zu? #2 - Statistiken

Allgemein
  • Dieses Quiz wurde 144 mal gespielt
  • Das Durchschnittsergebnis liegt bei 48 aus 72
Antwortstatistiken
Frage Kachel Select % Korrekt
Hat mehr Einwohner als Deutschland Jemen Nein
98%
Hat mehr Einwohner als Deutschland Kiribati Nein
98%
Hat mehr Einwohner als Deutschland Polen Nein
98%
Ist in Nordamerika Indien Nein
96%
Hat mehr Einwohner als Deutschland Italien Nein
96%
Ist in Nordamerika Tschechien Nein
96%
Hat mehr Einwohner als Deutschland Vereinigte Staaten Ja
96%
Ist in Nordamerika Mikronesien Nein
95%
Ist in Nordamerika Kanada Ja
93%
Ist in Nordamerika Palau Nein
93%
Hat mehr als 1000 mm Jahresniederschlag Israel Nein
91%
Hat mehr als 1000 mm Jahresniederschlag Algerien Nein
90%
Hat keinen Milliardär Ägypten Nein
88%
Hat keinen Milliardär Italien Nein
88%
Hat den Euro Schweiz Nein
88%
Hat keinen Milliardär Schweden Nein
87%
Hat eine Jahresdurchschnittstemperatur von unter 10°C Ungarn Nein
87%
Menschen des Landes trinken mehr Alkohol als Deutsche Iran Nein
86%
Menschen des Landes trinken mehr Alkohol als Deutsche Katar Nein
85%
Hat mehr als 1000 mm Jahresniederschlag Türkei Nein
85%
Menschen des Landes trinken mehr Alkohol als Deutsche Ägypten Nein
84%
Hat eine Jahresdurchschnittstemperatur von unter 10°C Argentinien Nein
84%
Hat mehr Einwohner als Deutschland Indonesien Ja
84%
Ist in Nordamerika Mexiko Ja
83%
Hat den Euro Ukraine Nein
83%
Menschen des Landes trinken mehr Alkohol als Deutsche Indonesien Nein
80%
Hat mehr als 1000 mm Jahresniederschlag Irland Ja
80%
Hat mehr Einwohner als Deutschland Kolumbien Nein
80%
Hat mehr als 1000 mm Jahresniederschlag Mexiko Nein
79%
Ist in Nordamerika Bahamas Ja
76%
Hat den Euro Kroatien Ja
76%
Hat den Euro Norwegen Nein
76%
Hat mehr Einwohner als Deutschland Pakistan Ja
76%
Hat keinen Milliardär Togo Ja
76%
Menschen des Landes trinken mehr Alkohol als Deutsche Belize Nein
75%
Menschen des Landes trinken mehr Alkohol als Deutsche Komoren Nein
75%
Hat keinen Milliardär Chile Nein
72%
Hat mehr Einwohner als Deutschland Kenia Nein
71%
Menschen des Landes trinken mehr Alkohol als Deutsche Litauen Ja
71%
Hat eine Jahresdurchschnittstemperatur von unter 10°C Estland Ja
70%
Hat den Euro Irland Ja
70%
Hat ein 1-Zeichen langes Kennzeichen Peru Nein
69%
Hat eine Jahresdurchschnittstemperatur von unter 10°C Russland Ja
69%
Hat den Euro Schweden Nein
66%
Ist in Nordamerika Antigua und Barbuda Ja
65%
Ist in Nordamerika Honduras Ja
65%
Hat eine Jahresdurchschnittstemperatur von unter 10°C Schweden Ja
65%
Hat den Euro Finnland Ja
63%
Hat keinen Milliardär Rumänien Nein
61%
Hat ein 1-Zeichen langes Kennzeichen Russland Nein
61%
Hat keinen Milliardär Angola Ja
58%
Hat keinen Milliardär Mongolei Ja
58%
Hat ein 1-Zeichen langes Kennzeichen Frankreich Ja
56%
Menschen des Landes trinken mehr Alkohol als Deutsche Brasilien Nein
54%
Hat den Euro Ungarn Nein
46%
Hat mehr als 1000 mm Jahresniederschlag Ungarn Nein
45%
Hat den Euro Tschechien Nein
43%
Hat ein 1-Zeichen langes Kennzeichen Schweden Ja
42%
Hat ein 1-Zeichen langes Kennzeichen Norwegen Ja
38%
Hat mehr als 1000 mm Jahresniederschlag Ruanda Ja
36%
Hat mehr als 1000 mm Jahresniederschlag Deutschland Nein
31%
Hat eine Jahresdurchschnittstemperatur von unter 10°C Nordkorea Ja
29%
Hat ein 1-Zeichen langes Kennzeichen Österreich Ja
29%
Menschen des Landes trinken mehr Alkohol als Deutsche Frankreich Nein
28%
Hat eine Jahresdurchschnittstemperatur von unter 10°C Schweiz Ja
27%
Hat eine Jahresdurchschnittstemperatur von unter 10°C Irland Ja
24%
Hat mehr als 1000 mm Jahresniederschlag Russland Nein
24%
Hat keinen Milliardär Venezuela Ja
24%
Hat ein 1-Zeichen langes Kennzeichen Kuba Ja
16%
Hat eine Jahresdurchschnittstemperatur von unter 10°C Armenien Ja
13%
Hat ein 1-Zeichen langes Kennzeichen Gabun Ja
13%
Hat ein 1-Zeichen langes Kennzeichen Thailand Ja
5%
Keine übereinstimmenden Quizze gefunden
Verteilung der Resultate
Anzahl Personen mit jedem Resultat
Perzentil nach korrekt beantworteten Fragen
Ihre Resultats-Entwicklung
Sie haben dieses Quiz noch nicht gespielt